| 000 | 00631nam a2200181Ia 4500 | ||
|---|---|---|---|
| 008 | 090124s9999 xx 000 0 und d | ||
| 082 |
_b15254 _a1347 |
||
| 100 | _aकुलकर्णी दत्ता जी. | ||
| 245 | _a प्रियदर्शिनी इंदिरा | ||
| 250 | _a1 | ||
| 260 | _c1966 | ||
| 300 | _a51 | ||
| 600 | _aकुलकर्णी दत्ता जी. | ||
| 630 | _a प्रियदर्शिनी इंदिरा | ||
| 700 | _aकुलकर्णी दत्ता जी. | ||
| 730 | _a प्रियदर्शिनी इंदिरा | ||
| 942 | _cBOOK | ||
| 999 |
_c129194 _d129194 |
||